Suomalaiset huvipuistot - Statistics

Yleistilastot
  • Tätä visaa on pelattu 175 kertaa
  • Keskiarvotulos 4 / 5
Vastaustilastot
avattu puisto % Oikein
1950 Linnanmäki
100%
1975 Särkänniemi
97%
2002 Powerpark
87%
1986 Tykkimäki
79%
2007 Nokkakivi
23%
Ehtoja vastaavia visoja ei löytynyt
Tulosjakauma
Jokaisen tuloksen saaneiden osuus
Persentiili vastausten määrän mukaan
Tuloshistoriasi
Et ole pelannut tätä visaa